000 00453nam a2200157 4500
001 139072
003 ES-MaACL
005 20230906195710.0
007 t|
008 070214s1971 fr r ||||1| spa d
100 1 _aSanz Benito, Jesús C.
_9103614
245 1 0 _aPan de emigrantes /
_cpor Jesús C. Sanz Benito.
260 _a[S. l. :
_bs. n.,
_c1971] (
_eFlers :
_fImp. Folloppe)
300 _a81 p. ;
_c18 cm.
852 _aES-MaACL
_jC-45427
_bR.77580
999 _c139072
_d139072